| 000 | 00965nam a22002297a 4500 | ||
|---|---|---|---|
| 003 | NALT | ||
| 005 | 20211222114541.0 | ||
| 008 | s2547 th ||||| |||| 00| 0 tha d | ||
| 020 | _a9745375764 | ||
| 040 | _aNALT | ||
| 050 |
_aTD 194.6 _bก783ก 2547 |
||
| 100 | 0 | _aเกษม จันทร์แก้ว | |
| 245 | 1 | 0 |
_aการจัดการสิ่งแวดล้อมแบบผสมผสาน / _cเกษม จันทร์แก้ว. |
| 250 | _aพิมพ์ครั้งที่ 2 | ||
| 260 |
_aกรุงเทพฯ : _bสำนักพิมพ์มหาวิทยาลัยเกษตรศาสตร์, _c2547 |
||
| 300 |
_a333 หน้า : _bภาพประกอบ, ตาราง ; _c26 ซม. |
||
| 650 | 0 | 4 | _aมลพิษ |
| 650 | 0 | 4 | _aการจัดการสิ่งแวดล้อม |
| 650 | 0 | 4 | _aสิ่งแวดล้อม |
| 850 | _aNALT | ||
| 942 |
_cGB _2lcc |
||
| 999 |
_c44544 _d44544 |
||
| 998 |
_j109 _k อารีรัตน์ วิชาช่าง |
||